Formálne komunikačné nástroje

Komunikačné nástroje a procesy v podniku, ich vymedzenie v nadväznosti na socioekonomický systém, ktorý je tvorený systémom vnútropodnikových vzťahov. Formálne a neformálne vzťahy v podnikovej štruktúre.

Saved in:
Bibliographic Details
Main Author: Kedrová, Jana
Format: Book Chapter
Language:Slovak
Subjects:
Tags: Add Tag
No Tags, Be the first to tag this record!

MARC

LEADER 00000naa$a2200000$$$4500
001 0148958
005 20240502083342.6
041 0 |a slo 
044 |a CZ 
245 1 0 |a Formálne komunikačné nástroje  |c Jana Kedrová 
520 |a Komunikačné nástroje a procesy v podniku, ich vymedzenie v nadväznosti na socioekonomický systém, ktorý je tvorený systémom vnútropodnikových vzťahov. Formálne a neformálne vzťahy v podnikovej štruktúre. 
610 2 0 |a podnik 
610 2 0 |a procesy podnikové 
610 2 0 |a vzťahy pracovné 
610 2 0 |a klíma podniková 
610 2 0 |a klíma sociálna 
610 2 0 |a vzťahy medziľudské 
610 2 0 |a komunikácia 
100 1 |a Kedrová, Jana